| 000 | 00957nam a2200241 a 4500 | ||
|---|---|---|---|
| 001 | 40005 | ||
| 003 | BD-RjUL | ||
| 005 | 20211209053121.0 | ||
| 008 | 160421s1983 bg ||||| |||| 00| 0 ben d | ||
| 020 | _c: Tk.55.00 | ||
| 035 | _a(BD-RjUL)40119 | ||
| 040 |
_aBD-RjUL _bben _cBD-RjUL |
||
| 041 | _aben | ||
| 082 |
_223 _a530 _bMUS 1983 |
||
| 100 |
_aমুসলিমউদ্দিন, মুহম্মদ _9123215 |
||
| 245 | 1 | 0 |
_aস্নাতক পদার্থ বিজ্ঞান / _cমুহম্মদ মুসলিমউদ্দিন |
| 260 |
_aঢাকা : _bহাসান বুক হাউজ, _c১৯৮৩ . |
||
| 300 |
_aখন্ড : _bচিত্র ; _c২১ সেমি. |
||
| 505 | _aখণ্ড ১ ; খন্ড ২, আলোকবিজ্ঞান ও শব্দবিজ্ঞান -- | ||
| 650 |
_aপদার্থ বিজ্ঞান _9123216 |
||
| 650 |
_aPhysics _9123217 |
||
| 942 |
_2ddc _cBK |
||
| 999 |
_c40005 _d40005 |
||